|
|
|
|
| LEADER |
01491nam a22002417a 4500 |
| 001 |
38187 |
| 003 |
BD-DhAAL |
| 008 |
230829t2005 ii ||||| |||| 00| 0 ben d |
| 040 |
|
|
|a BD-DhAAL
|c BD-DhAAL
|
| 041 |
|
|
|a ben
|
| 082 |
|
|
|a 294.5924
|2 23
|
| 245 |
|
|
|a শ্রীমদ্ভগবদগীতা যথাযথ /
|c অনুবাদক কৃষ্ণকৃপাশ্রীমূর্তি শ্রীল, অভয়চরণারবিন্দ ভক্তিবেদান্ত স্বামী প্রভুপাদ, এবং ভক্তিচারু স্বামী.
|
| 260 |
|
|
|a কলকাতা :
|b ভক্তিবেদান্ত বুক ট্রাস্ট,
|c ২০০৫.
|
| 300 |
|
|
|a (ণ), ১০০৮ পৃষ্ঠা ;
|c ২২ সে.মি.
|
| 541 |
|
|
|a Donated By Akbar Ali Khan
|e 38187
|
| 630 |
|
|
|a Bhagavadgita.
|9 58894
|
| 700 |
|
|
|a শ্রীল, কৃষ্ণকৃপাশ্রীমূর্তি.
|9 55464
|
| 700 |
|
|
|a প্রভুপাদ, অভয়চরণারবিন্দ ভক্তিবেদান্ত স্বামী.
|9 55465
|
| 700 |
|
|
|a স্বামী, ভক্তিচারু.
|9 55466
|
| 852 |
|
|
|a Ayesha Abed Library
|c Reference Section
|
| 942 |
|
|
|2 ddc
|c BK
|
| 999 |
|
|
|c 46144
|d 46144
|
| 952 |
|
|
|0 0
|1 0
|2 ddc
|4 0
|6 294_592400000000000_SRI
|7 1
|9 74309
|a BRACUL
|b BRACUL
|c REF
|d 2023-08-29
|e Donated By Akbar Ali Khan
|l 0
|o 294.5924 SRI
|p 3010038187
|r 2023-08-29
|t 1
|w 2023-08-29
|y BK
|x Donated By Akbar Ali Khan
|